<?xml version="1.0" encoding="UTF-8"?><?xml-stylesheet type="text/xsl" href="static/style.xsl"?><OAI-PMH xmlns="http://www.openarchives.org/OAI/2.0/" xmlns:xsi="http://www.w3.org/2001/XMLSchema-instance" xsi:schemaLocation="http://www.openarchives.org/OAI/2.0/ http://www.openarchives.org/OAI/2.0/OAI-PMH.xsd"><responseDate>2026-04-27T22:07:23Z</responseDate><request verb="GetRecord" identifier="oai:uvadoc.uva.es:10324/44157" metadataPrefix="marc">https://uvadoc.uva.es/oai/request</request><GetRecord><record><header><identifier>oai:uvadoc.uva.es:10324/44157</identifier><datestamp>2021-06-18T08:15:27Z</datestamp><setSpec>com_10324_38</setSpec><setSpec>col_10324_787</setSpec></header><metadata><record xmlns="http://www.loc.gov/MARC21/slim" xmlns:doc="http://www.lyncode.com/xoai" xmlns:xsi="http://www.w3.org/2001/XMLSchema-instance" xmlns:dcterms="http://purl.org/dc/terms/" xsi:schemaLocation="http://www.loc.gov/MARC21/slim http://www.loc.gov/standards/marcxml/schema/MARC21slim.xsd">
<leader>00925njm 22002777a 4500</leader>
<datafield tag="042" ind1=" " ind2=" ">
<subfield code="a">dc</subfield>
</datafield>
<datafield tag="720" ind1=" " ind2=" ">
<subfield code="a">Iglesias Martínez, Tamara</subfield>
<subfield code="e">author</subfield>
</datafield>
<datafield tag="260" ind1=" " ind2=" ">
<subfield code="c">2020</subfield>
</datafield>
<datafield tag="520" ind1=" " ind2=" ">
<subfield code="a">El trabajo versa sobre los pueblos de colonización construidos en Galicia, en A Terra Chá, realizados a mediados de siglo XX. El objeto de este trabajo es realizar una investigación que analice la historia, sociedad y formación de los núcleos y la situación en la que se encuentran en la actualidad. A partir de ahí se pretende realizar una propuesta para su reconstrucción y rehabilitación para, así, poner en valor un patrimonio rural a través de la memoria de las personas y los espacios que habitaron y una pequeña parte de ellos aún habita</subfield>
</datafield>
<datafield tag="024" ind2=" " ind1="8">
<subfield code="a">http://uvadoc.uva.es/handle/10324/44157</subfield>
</datafield>
<datafield ind1=" " ind2=" " tag="653">
<subfield code="a">Colonias agrarias - España - Lugo (Provincia)</subfield>
</datafield>
<datafield ind1=" " ind2=" " tag="653">
<subfield code="a">Colonización interior - España - Lugo (Provincia)</subfield>
</datafield>
<datafield ind1=" " ind2=" " tag="653">
<subfield code="a">Terra Chá, Comarca de (Lugo, España)</subfield>
</datafield>
<datafield tag="245" ind1="0" ind2="0">
<subfield code="a">Pueblos de colonización en a Terra Chá, Lugo. Investigación e intervención para su revitalización.</subfield>
</datafield>
</record></metadata></record></GetRecord></OAI-PMH>